000 00564nam a2200193 i 4500
001 7346
003 ES-MaACL
005 20230906145220.0
007 t|
008 901217s1990 sp ||||1| spa d
020 _a84-283-1788-7
080 _a070.43
100 1 _aSantamaria, Luisa.
_9103290
245 1 3 _aEl Comentario periodistico
_b: los generos persuasivos /
_cLuisa Santamaria.
260 _aMadrid :
_bParaninfo,
_c1990.
300 _a179 p. ;
_c25 cm.
650 1 4 _aArtículos periodísticos.
_910351
852 _aES-MaACL
_jL-14617
_bR.118671
_z. - rust.
999 _c7346
_d7346